Principles of immunology (Record no. 60755)
[ view plain ]
| 000 -LEADER | |
|---|---|
| fixed length control field | 00545nam a22002057a 4500 |
| 005 - DATE & TIME | |
| control field | 20260511123004.0 |
| 008 - FIXED-LENGTH DATA ELEMENTS--GENERAL INFORMATION | |
| fixed length control field | 260511b |||||||| |||| 00| 0 eng d |
| 020 ## - ISBN | |
| International Standard Book Number | 9789390709069 |
| Price | 395.00 |
| 040 ## - CATALOGING SOURCE | |
| Original cataloging agency | Doon University |
| 041 ## - Language | |
| Language | English |
| 082 ## - DDC NUMBER | |
| Classification number | 616.079 |
| Book Number | SIN |
| 100 ## - MAIN ENTRY--PERSONAL NAME | |
| Personal name | Sinha, Basant Kumar |
| 245 ## - TITLE STATEMENT | |
| Title | Principles of immunology |
| Sub Title | :Students Compendium |
| 250 ## - EDITION STATEMENT | |
| Edition statement | 2nd |
| 260 ## - PUBLICATION, DISTRIBUTION, ETC. (IMPRINT) | |
| Place of publication, distribution, etc | New Delhi |
| Name of publisher, distributor, etc | CBS |
| Date of publication, distribution, etc | 2022 |
| 300 ## - PHYSICAL DESCRIPTION | |
| Pages | 314 |
| 650 ## - Subject | |
| Subject | Environment Science (PM USHA) |
| 700 ## - Added Entry Personal Name | |
| Added Entry Personal Name | Rinesh, Kumar |
| 942 ## - ADDED ENTRY ELEMENTS (KOHA) | |
| Koha item type | Books |
| 100 ## - MAIN ENTRY--PERSONAL NAME | |
| -- | 26775 |
| 650 ## - Subject | |
| -- | 26725 |
| 700 ## - Added Entry Personal Name | |
| -- | 26776 |
| 952 ## - LOCATION AND ITEM INFORMATION (KOHA) | |
| -- | 2026-05-11 |
| 952 ## - LOCATION AND ITEM INFORMATION (KOHA) | |
| -- | 2026-05-11 |
| 952 ## - LOCATION AND ITEM INFORMATION (KOHA) | |
| -- | 2026-05-11 |
| Withdrawn status | Lost status | Source of classification or shelving scheme | Damaged status | Not for loan | Location (home branch) | Sublocation or collection (holding branch) | Date acquired | Koha full call number | Accession No. | Koha date last seen | Koha item type | Koha issues (times borrowed) |
|---|---|---|---|---|---|---|---|---|---|---|---|---|
| Not For Loan | Doon University | Doon University | 11.05.2026 | 616.079 SIN | 32953 | 11.05.2026 | Reference | |||||
| Doon University | Doon University | 11.05.2026 | 616.079 SIN | 32954 | 11.05.2026 | Books | ||||||
| Doon University | Doon University | 11.05.2026 | 616.079 SIN | 32955 | 11.05.2026 | Books |